000 00558nam a22002177a 4500
003 OSt
005 20140310182951.0
008 130206t xxu||||| |||| 00| 0 eng d
020 _a9712317870
050 _aLB 1047.3
_b.Ad3 2002
100 _aAdanza, Estela G.
245 _aResearch methods :
_bprinciples and applications /
_c Estela G. Adanza.
260 _aManila :
_bRex Book Store,
_c2002.
300 _a200 p. :
_c23 cm.
521 _aEDU
562 _e3
942 _2lcc
_cBK
_kLOC
999 _c17918
_d17918